00967nam a22000977a 4500008004100000110002000041245006000061260003100121300002400152500069300176170718b xxu||||| |||| 00| 0 eng d aUnited Nations. aBusiness Fighting Corruption:Experiences From Africa ./ bThe Global Compact,c2017. a217p.:bill,c28cm. aContents:The Relevance of the United Nations Convention against Corruption for African Nations and its on Business Fighting Corruption -- Measuring and Monitoring Corruption:Challenges and Possibilities -- Organizational approaches against Corruption what are the golden rules? Case Studies: Fighting Corruption Within an Organisation -- Instituting a Whistle blower policy in the Global Fund to Fight Aids, Tuberculosis and Malaria -- Massmart ltd- A Moral Community -- Enterprise governance within the Nedbank Group -- South African Revenue Service(SARS): The Creation of a SARS ethics an Governance Office -- Creating a Culture intolerant of Fraud and Corruption in Total South Africa.